000 00647nam a22002537a 4500
999 _c6801
_d6801
001 6801
003 BD-JhCC
005 20180211185917.0
008 180130b1979 xxua|||| |||| 00| 0 eng d
020 _a0706904540
035 _a(BD-JhCC)6801
040 _aBD-JhCC
_dBD-JhCC
041 _aeng
082 _a636
_bSAS 1979
100 _aSastry, N R S
245 _aFarm Animal Management /
_cN S R Sastry and C K Thomas
260 _aNew Delhi :
_bVikash Publishing House,
_c1979.
300 _a362 p. :
_bill.;
_c22 cm.
650 _aLivestock
650 _aFarm Management
700 _aThomas, C K
942 _2ddc
_cBK